000
00325nam a2200145Ia 4500
008
210210b xxu||||| |||| 00| 0 eng d
041
_a
eng
082
_a
874/8
100
_a
VERMONY CHACKO (P V)
245
_a
Kavikesarikal
260
_a
_b
-
_c
650
_a
Kavikesarikal
690
_a
Malayalam Criticism
906
_a
002602
999
_c
124572
_d
124572